LEADER 01134nam0-2200325---450- 001 990009896860403321 005 20150210102150.0 010 $a978-88-491-3606-7 035 $a000989686 035 $aFED01000989686 035 $a(Aleph)000989686FED01 035 $a000989686 100 $a20140922d2011----km-y0itay50------ba 101 0 $aita 102 $aIT 105 $aa-------001yy 200 1 $aCortes, nazione e cittadinanza$eimmaginario e rappresentazione delle istituzioni politiche nella Spagna della Restauración (1874-1900)$fMarcella Aglietti 210 $aBologna$cClueb$d2011 215 $a186 p.$cill.$d21 cm 225 1 $aSaggi e monografie del Dipartimento di discipline storiche, geografiche e antropologiche dell'Università di Bologna$iNuova serie$v3 610 0 $aIstituzioni politiche$aSpagna$aSec. 19. 676 $a306.20948$v20$zita 700 1$aAglietti,$bMarcella$0523711 801 0$aIT$bUNINA$gREICAT$2UNIMARC 901 $aBK 912 $a990009896860403321 952 $aCollez. 2475 (3)$b51831$fFSPBC 959 $aFSPBC 996 $aCortes, nazione e cittadinanza$9829215 997 $aUNINA LEADER 01293nam a2200313 i 4500 001 991001602269707536 008 060428s2005 nyua b 001 0 eng d 020 $a0387400753 (acid-free paper) 035 $ab13397898-39ule_inst 040 $aDip.to Fisica$beng 082 0 $a551.5028$222 084 $aLC QC976.L36 084 $a52.9.38 245 00$aLidar :$brange-resolved optical remote sensing of the atmosphere /$cClaus Weitkamp, editor ; foreword by Herbert Walther 260 $aNew York :$bSpringer,$cc2005 300 $axx, 455 p. :$bill. (some col.) ;$c25 cm 490 1 $aSpringer series in optical sciences,$x0342-4111 ;$v102 504 $aIncludes bibliographical references and index 650 0$aAtmosphere$xLaser observations 650 0$aAtmospheric physics$xRemote sensing 650 0$aOptical radar$xObservations 700 1 $aWeitkamp, Claus$eauthor$4http://id.loc.gov/vocabulary/relators/aut$0738226 830 0$aSpringer series in optical sciences ;$vv. 102 907 $a.b13397898$b21-09-06$c28-04-06 912 $a991001602269707536 945 $aLE006 52.9.3 WEI$g1$i2006000157216$lle006$op$pE114.95$q-$rl$s- $t0$u6$v4$w6$x0$y.i14227666$z28-04-06 996 $aLidar$91462098 997 $aUNISALENTO 998 $ale006$b28-04-06$cm$da $e-$feng$gnyu$h0$i0 LEADER 01997oam 2200553 450 001 9910706859103321 005 20180227080322.0 035 $a(CKB)5470000002458876 035 $a(OCoLC)896810357 035 $a(OCoLC)995470000002458876 035 $a(EXLCZ)995470000002458876 100 $a20141123d1975 ua 0 101 0 $aeng 135 $aurmn||||||||| 181 $ctxt$2rdacontent 182 $cc$2rdamedia 183 $acr$2rdacarrier 200 10$aGeology and geochemistry of the Copper Canyon porphyry copper deposit and surrounding area, Lander County, Nevada /$fby Ted G. Theodore and David W. Blake 210 1$aWashington :$cUnited States Department of the Interior, Geological Survey,$d1975. 215 $a1 online resource (v, B86 pages) $cillustrations, maps +$e2 plates 225 1 $aGeological Survey professional paper ;$v798-B 225 1 $aGeochemistry of the porphyry copper environment in the Battle Mountain mining district, Nevada 300 $aTitle from title screen (viewed October 2, 2014). 320 $aIncludes bibliographical references (pages B78-B84) and index. 606 $aCopper ores$zNevada$zLander County 606 $aGeochemistry$zNevada$zLander County 606 $aGeology$zNevada$zLander County 606 $aCopper ores$2fast 606 $aGeochemistry$2fast 606 $aGeology$2fast 607 $aNevada$zLander County$2fast 615 0$aCopper ores 615 0$aGeochemistry 615 0$aGeology 615 7$aCopper ores. 615 7$aGeochemistry. 615 7$aGeology. 700 $aTheodore$b Ted G.$01393591 702 $aBlake$b David W. 712 02$aGeological Survey (U.S.), 801 0$bCOP 801 1$bCOP 801 2$bOCLCO 801 2$bOCLCF 801 2$bGPO 906 $aBOOK 912 $a9910706859103321 996 $aGeology and geochemistry of the Copper Canyon porphyry copper deposit and surrounding area, Lander County, Nevada$93453960 997 $aUNINA